<?xml version="1.0" encoding="UTF-8"?>
<record
    xmlns:xsi="http://www.w3.org/2001/XMLSchema-instance"
    xsi:schemaLocation="http://www.loc.gov/MARC21/slim http://www.loc.gov/standards/marcxml/schema/MARC21slim.xsd"
    xmlns="http://www.loc.gov/MARC21/slim">

  <leader>00199nam a2200073Ia 4500</leader>
  <controlfield tag="008">170817s9999    xx            000 0 und d</controlfield>
  <datafield tag="100" ind1=" " ind2=" ">
    <subfield code="a">BHATNAGAR  SURESH</subfield>
  </datafield>
  <datafield tag="245" ind1=" " ind2="0">
    <subfield code="a">KOTHARI KAMISAN (VIVACHANATMAK ADHIYANA</subfield>
  </datafield>
  <datafield tag="260" ind1=" " ind2=" ">
    <subfield code="b">R. LALL B. D.</subfield>
  </datafield>
  <datafield tag="999" ind1=" " ind2=" ">
    <subfield code="c">37416</subfield>
    <subfield code="d">37416</subfield>
  </datafield>
  <datafield tag="952" ind1=" " ind2=" ">
    <subfield code="0">0</subfield>
    <subfield code="1">0</subfield>
    <subfield code="2">ddc</subfield>
    <subfield code="4">0</subfield>
    <subfield code="7">0</subfield>
    <subfield code="a">07</subfield>
    <subfield code="b">07</subfield>
    <subfield code="d">2017-08-24</subfield>
    <subfield code="l">0</subfield>
    <subfield code="p">07-B-6143</subfield>
    <subfield code="r">2017-08-24</subfield>
    <subfield code="w">2017-08-24</subfield>
    <subfield code="y">01</subfield>
  </datafield>
  <datafield tag="952" ind1=" " ind2=" ">
    <subfield code="0">0</subfield>
    <subfield code="1">0</subfield>
    <subfield code="2">ddc</subfield>
    <subfield code="4">0</subfield>
    <subfield code="7">0</subfield>
    <subfield code="a">07</subfield>
    <subfield code="b">07</subfield>
    <subfield code="d">2017-08-24</subfield>
    <subfield code="l">0</subfield>
    <subfield code="p">07-B-6144</subfield>
    <subfield code="r">2017-08-24</subfield>
    <subfield code="w">2017-08-24</subfield>
    <subfield code="y">01</subfield>
  </datafield>
  <datafield tag="952" ind1=" " ind2=" ">
    <subfield code="0">0</subfield>
    <subfield code="1">0</subfield>
    <subfield code="2">ddc</subfield>
    <subfield code="4">0</subfield>
    <subfield code="7">0</subfield>
    <subfield code="a">07</subfield>
    <subfield code="b">07</subfield>
    <subfield code="d">2017-08-24</subfield>
    <subfield code="l">0</subfield>
    <subfield code="p">07-B-6145</subfield>
    <subfield code="r">2017-08-24</subfield>
    <subfield code="w">2017-08-24</subfield>
    <subfield code="y">01</subfield>
  </datafield>
  <datafield tag="952" ind1=" " ind2=" ">
    <subfield code="0">0</subfield>
    <subfield code="1">0</subfield>
    <subfield code="2">ddc</subfield>
    <subfield code="4">0</subfield>
    <subfield code="7">0</subfield>
    <subfield code="a">07</subfield>
    <subfield code="b">07</subfield>
    <subfield code="d">2017-08-24</subfield>
    <subfield code="l">0</subfield>
    <subfield code="p">07-B-6146</subfield>
    <subfield code="r">2017-08-24</subfield>
    <subfield code="w">2017-08-24</subfield>
    <subfield code="y">01</subfield>
  </datafield>
  <datafield tag="952" ind1=" " ind2=" ">
    <subfield code="0">0</subfield>
    <subfield code="1">0</subfield>
    <subfield code="2">ddc</subfield>
    <subfield code="4">0</subfield>
    <subfield code="7">0</subfield>
    <subfield code="a">07</subfield>
    <subfield code="b">07</subfield>
    <subfield code="d">2017-08-24</subfield>
    <subfield code="l">0</subfield>
    <subfield code="p">07-B-6147</subfield>
    <subfield code="r">2017-08-24</subfield>
    <subfield code="w">2017-08-24</subfield>
    <subfield code="y">01</subfield>
  </datafield>
  <datafield tag="952" ind1=" " ind2=" ">
    <subfield code="0">0</subfield>
    <subfield code="1">0</subfield>
    <subfield code="2">ddc</subfield>
    <subfield code="4">0</subfield>
    <subfield code="7">0</subfield>
    <subfield code="a">07</subfield>
    <subfield code="b">07</subfield>
    <subfield code="d">2017-08-24</subfield>
    <subfield code="l">0</subfield>
    <subfield code="p">07-B-6148</subfield>
    <subfield code="r">2017-08-24</subfield>
    <subfield code="w">2017-08-24</subfield>
    <subfield code="y">01</subfield>
  </datafield>
  <datafield tag="952" ind1=" " ind2=" ">
    <subfield code="0">0</subfield>
    <subfield code="1">0</subfield>
    <subfield code="2">ddc</subfield>
    <subfield code="4">0</subfield>
    <subfield code="7">0</subfield>
    <subfield code="a">07</subfield>
    <subfield code="b">07</subfield>
    <subfield code="d">2017-08-24</subfield>
    <subfield code="l">0</subfield>
    <subfield code="p">07-B-6149</subfield>
    <subfield code="r">2017-08-24</subfield>
    <subfield code="w">2017-08-24</subfield>
    <subfield code="y">01</subfield>
  </datafield>
  <datafield tag="952" ind1=" " ind2=" ">
    <subfield code="0">0</subfield>
    <subfield code="1">0</subfield>
    <subfield code="2">ddc</subfield>
    <subfield code="4">0</subfield>
    <subfield code="7">0</subfield>
    <subfield code="a">07</subfield>
    <subfield code="b">07</subfield>
    <subfield code="d">2017-08-24</subfield>
    <subfield code="l">0</subfield>
    <subfield code="p">07-B-6150</subfield>
    <subfield code="r">2017-08-24</subfield>
    <subfield code="w">2017-08-24</subfield>
    <subfield code="y">01</subfield>
  </datafield>
  <datafield tag="952" ind1=" " ind2=" ">
    <subfield code="0">0</subfield>
    <subfield code="1">0</subfield>
    <subfield code="2">ddc</subfield>
    <subfield code="4">0</subfield>
    <subfield code="7">0</subfield>
    <subfield code="a">07</subfield>
    <subfield code="b">07</subfield>
    <subfield code="d">2017-08-24</subfield>
    <subfield code="l">0</subfield>
    <subfield code="p">07-B-6151</subfield>
    <subfield code="r">2017-08-24</subfield>
    <subfield code="w">2017-08-24</subfield>
    <subfield code="y">01</subfield>
  </datafield>
  <datafield tag="952" ind1=" " ind2=" ">
    <subfield code="0">0</subfield>
    <subfield code="1">0</subfield>
    <subfield code="2">ddc</subfield>
    <subfield code="4">0</subfield>
    <subfield code="7">0</subfield>
    <subfield code="a">07</subfield>
    <subfield code="b">07</subfield>
    <subfield code="d">2017-08-24</subfield>
    <subfield code="l">0</subfield>
    <subfield code="p">07-B-6152</subfield>
    <subfield code="r">2017-08-24</subfield>
    <subfield code="w">2017-08-24</subfield>
    <subfield code="y">01</subfield>
  </datafield>
</record>
